| 000 | 01009nam0a22002771 4500 | ||
|---|---|---|---|
| 001 | rc\2769643 | ||
| 005 | 20250806201956.0 | ||
| 035 | _a(NLR Aleph) 006896035 | ||
| 090 |
_a68422 _c68422 |
||
| 100 | _a20110915d1941 u y0rusy50 ca | ||
| 101 | 0 | _arus | |
| 102 | _aRU | ||
| 105 | _ay z ||||| | ||
| 200 | 1 |
_aИзбранные произведения. 1841-1941 _fМ. Ю. Лермонтов |
|
| 210 |
_aСвердловск _cСвердлгиз _d1941 |
||
| 215 |
_a217, [3] с. _d21 см. |
||
| 327 | 0 | _aСтр. 3-6: Демидов, К. Великий русский поэт и воин | |
| 464 | 0 | _12000#$aВеликий русский поэт и воин$fК. Демидов | |
| 700 | 1 |
_aЛермонтов _bМ. Ю. _f1814-1841 _gМихаил Юрьевич _3RU\NLR\auth\77328 |
|
| 801 | 0 |
_aRU _bNLR _gpsbo |
|
| 801 | 1 |
_aRU _bELAR _2rusmarc |
|
| 852 |
_aNLR _jЛ30 Г-3/300 |
||
| 942 | _cBOOK | ||
| 945 | _aРоссийская национальная библиотека | ||
| 980 | _aNB | ||
| 980 | _aBV | ||